LIBRARY & INFORMATION CENTRE, KCAET, TAVANUR

ONLINE PUBLIC ACCESS CATALOGUE (OPAC)

Phytochemical Diversity: A Source of New Industrial Products (Record no. 7)

MARC details
000 -LEADER
fixed length control field 00752cam a2200265ua 4500
020 ## - INTERNATIONAL STANDARD BOOK NUMBER
ISBN 0-85404-717-4
082 ## - DEWEY DECIMAL CLASSIFICATION NUMBER
Classification number 572.2
Item number WRI/PH
100 ## - MAIN ENTRY--AUTHOR NAME
Personal name .
245 00 - TITLE STATEMENT
Title Phytochemical Diversity: A Source of New Industrial Products
250 ## - EDITION STATEMENT
Edition statement 1 /
260 ## - PUBLICATION, DISTRIBUTION, ETC. (IMPRINT)
Place of publication Cambridge :
Name of publisher The Royal Society of Chemistry ,
Year of publication 1997.
300 ## - PHYSICAL DESCRIPTION
Number of Pages 254 ; .
650 ## - SUBJECT ADDED ENTRY--TOPICAL TERM
Topical Term Drug discovery
650 ## - SUBJECT ADDED ENTRY--TOPICAL TERM
Topical Term Ethnobotanical Approach
650 ## - SUBJECT ADDED ENTRY--TOPICAL TERM
Topical Term Natural products-screening
650 ## - SUBJECT ADDED ENTRY--TOPICAL TERM
Topical Term Thai medicinal plants
650 ## - SUBJECT ADDED ENTRY--TOPICAL TERM
Topical Term Traditional Healing
700 1# - ADDED ENTRY--PERSONAL NAME
Personal name Wrigley, Stephen .
700 1# - ADDED ENTRY--PERSONAL NAME
Personal name Chrystal, Ewan
700 1# - ADDED ENTRY--PERSONAL NAME
Personal name Hayes, Martin .
700 1# - ADDED ENTRY--PERSONAL NAME
Personal name Thomas, Robert .
942 ## - ADDED ENTRY ELEMENTS (KOHA)
Koha item type Reference
003 - CONTROL NUMBER IDENTIFIER
control field @
003 - CONTROL NUMBER IDENTIFIER
control field OSt
Holdings
Withdrawn status Lost status Damaged status Collection code Home library Current library Shelving location Date acquired Full call number Accession Number Koha item type
      Reference KAUAET KAUAET Reference 07/04/2012 572.2.WRI/PH 20184 Reference
free website counter